Anuario de estudios medievales (Record no. 196889)

MARC details
000 -LEADER
campo de control de longitud fija 01871nas a2200505 i 4500
001 - NÚMERO DE CONTROL
campo de control 196889
003 - IDENTIFICADOR DE NÚMERO DE CONTROL
campo de control ES-MaACL
005 - FECHA Y HORA DE LA ÚLTIMA TRANSACCIÓN
campo de control 20250124063037.0
006 - CÓDIGOS DE INFORMACIÓN DE LONGITUD FIJA--CARACTERÍSTICAS DEL MATERIAL ADICIONAL
campo de control de longitud fija m g d
007 - CAMPO FIJO DE DESCRIPCIÓN FÍSICA--INFORMACIÓN GENERAL
campo de control de longitud fija cr*
008 - DATOS DE LONGITUD FIJA--INFORMACIÓN GENERAL
campo de control de longitud fija 250122c19649999sp fr|pso || 0|||b0mul
010 ## - NÚMERO DE CONTROL DE LA BIBLIOTECA DEL CONGRESO
Número de control de LC c
Número de control de NUCMC 2
022 0# - NÚMERO INTERNACIONAL NORMALIZADO PARA PUBLICACIONES SERIADAS
Fuente _u
Número Internacional Normalizado para Publicaciones Seriadas 1988-4230
ISSN-L 0066-5061
035 ## - NÚMERO DE CONTROL DEL SISTEMA
Número de control de sistema (ISSN)19884230
035 ## - NÚMERO DE CONTROL DEL SISTEMA
Número de control de sistema (OCoLC)733133542
035 ## - NÚMERO DE CONTROL DEL SISTEMA
Número de control de sistema (SpMaBN)a4709152
035 ## - NÚMERO DE CONTROL DEL SISTEMA
Número de control de sistema 991021167179708606
040 ## - FUENTE DE CATALOGACIÓN
Centro catalogador/agencia de origen SpMaBN
Lengua de catalogación spa
Centro/agencia transcriptor SpMaBN
Normas de descripción rdc
080 ## - NÚMERO DE LA CLASIFICACIÓN DECIMAL UNIVERSAL
Número de la Clasificación Decimal Universal 94(460).023
130 0# - ENTRADA PRINCIPAL--TÍTULO UNIFORME
Título uniforme Anuario de estudios medievales (Internet)
9 (RLIN) 239481
210 0# - TÍTULO ABREVIADO
Título abreviado Anu. estud. mediev.
Información calificativa Internet
222 #0 - TÍTULO CLAVE
Título clave Anuario de estudios medievales
Información calificativa Internet
245 10 - MENCIÓN DEL TÍTULO
Título Anuario de estudios medievales
260 ## - PUBLICACIÓN, DISTRIBUCIÓN, ETC.
Lugar de publicación, distribución, etc. Madrid :
Nombre del editor, distribuidor, etc. CSIC, Departamento de Publicaciones,
310 ## - PERIODICIDAD ACTUAL
Periodicidad actual Semestral
336 ## - TIPO DE CONTENIDO
Término de tipo de contenido Texto (visual)
Fuente rdacontent
337 ## - TIPO DE MEDIO
Nombre/término del tipo de medio electrónico
Fuente rdamedia
338 ## - TIPO DE SOPORTE
Fuente rdacarrier
Nombre/término del tipo de soporte volumen
362 1# - FECHAS DE PUBLICACIÓN Y/O DESIGNACIÓN SECUENCIAL
Fecha de publicación y/o designación secuencial La edición impresa comenzó en 1964
500 ## - NOTA GENERAL
Nota general Última consulta, 22 de enero de 2025
546 ## - NOTA DE IDIOMA
Nota de lengua/lenguaje Textos en varias lenguas
588 0# - NOTA DE FUENTE DE LA DESCRIPCIÓN
Nota de fuente de la descripción v. 38, n. 1 (2008)
651 #7 - PUNTO DE ACCESO ADICIONAL DE MATERIA--NOMBRE GEOGRÁFICO
Nombre geográfico España
Subdivisión general Historia
Subdivisión cronológica 414-1474
Fuente del encabezamiento o término embne
9 (RLIN) 239482
655 #0 - TERMINO DE INDIZACIÓN--GENERO/FORMA
Datos o término principal de género/forma Páginas Web
Fuente del término tgfbne
9 (RLIN) 226719
655 #0 - TERMINO DE INDIZACIÓN--GENERO/FORMA
Datos o término principal de género/forma Revistas electrónicas
Fuente del término tgfbne
9 (RLIN) 226718
710 2# - ENTRADA AGREGADA--NOMBRE DE ENTIDAD CORPORATIVA
Nombre de entidad corporativa o nombre de jurisdicción como elemento de entrada Institución "Milá y Fontanals"
Número de control del registro de autoridad o número normalizado (isni)0000000120974142
9 (RLIN) 4728
710 2# - ENTRADA AGREGADA--NOMBRE DE ENTIDAD CORPORATIVA
Nombre de entidad corporativa o nombre de jurisdicción como elemento de entrada Consejo Superior de Investigaciones Científicas (España)
Número de control del registro de autoridad o número normalizado (isni)0000000123535612
9 (RLIN) 3236
856 40 - LOCALIZACIÓN Y ACCESO ELECTRÓNICOS
Identificador Uniforme de Recursos <a href="http://estudiosmedievales.revistas.csic.es">http://estudiosmedievales.revistas.csic.es</a>
Texto de enlace Acceso electrónico
Nota no pública OA-J
856 40 - LOCALIZACIÓN Y ACCESO ELECTRÓNICOS
Identificador Uniforme de Recursos <a href="https://dialnet.unirioja.es/servlet/revista?codigo=112">https://dialnet.unirioja.es/servlet/revista?codigo=112</a>
Nota pública Sumarios de la revista en Dialnet
856 40 - LOCALIZACIÓN Y ACCESO ELECTRÓNICOS
Identificador Uniforme de Recursos <a href="https://digital.casalini.it/19884230">https://digital.casalini.it/19884230</a>
Nota pública Editorial
942 ## - ELEMENTOS DE ENTRADA SECUNDARIOS (KOHA)
Fuente del sistema de clasificación o colocación Clasificación decimal universal
Tipo de ítem Koha Revista electrónica
Suprimir en OPAC No

No items available.